| 000 | 00938nam a2200325 a 4500 | ||
|---|---|---|---|
| 003 | AR-BaBNM | ||
| 005 | 20251128203705.0 | ||
| 008 | 082120s2002 ||||||||||||||000 | spa|| | ||
| 020 | _a950-9658-11-1 | ||
| 040 | _cAR-BaBNM | ||
| 100 | 1 | _aVieytes de Iglesias, Martha | |
| 245 | 0 | 0 |
_aExperiencias de lectoescritura en el nivel inicial _n2 |
| 260 |
_aBuenos Aires _bActilibro _c1989 |
||
| 300 |
_ap. 185-338 _bil., diagr. |
||
| 504 | _aBibliografía: p. 337-338 | ||
| 650 | 4 | _aCUENTOS | |
| 650 | 4 | _aENSEÑANZA DE LA LECTURA | |
| 650 | 4 | _aENSEÑANZA DE LA ESCRITURA | |
| 650 | 4 | _aTECNICAS DE ENSEÑANZA | |
| 650 | 4 | _aPOESIA | |
| 650 | 4 | _aEDUCACION FISICA | |
| 653 | _aCONSTRUCTIVISMO | ||
| 653 | _aEDUCACION INICIAL | ||
| 653 | _aLECTOESCRITURA | ||
| 653 | _aJARDINES DE INFANTES | ||
| 653 | _aPROCESO DE ENSEÑANZA-APRENDIZAJE | ||
| 700 | 1 | _aLópez Blasig de Jaimes, Susana Graciela | |
| 942 | _cBK | ||
| 998 | _cSILVI | ||
| 999 |
_c4502 _d4502 |
||